00476nam a2200193 a 4500001001300000003000900013005001700022008004100039020002300080082001500103100001800118245002000136260003300156300000900189500003500198505001000233650002100243700001800264nice12345678IN_TiNIC20260116013149.0050524s1994 newa grp 000 0 eng  a0883441 c98000a227.8bELL aElliott, Neil aLiberation Paul aNew YorkbOrbis Books c1994 a308p aincludes index and biblioraphy2 aIndex aPauline Epistles1 aElliott, Neil